The African genius: an introduction to African cultural and social history/

محفوظ في:
التفاصيل البيبلوغرافية
المؤلف الرئيسي: Davidson, Basil
التنسيق: كتاب
اللغة:الإنجليزية
منشور في: Boston-Toronto: Little, Brown and Company, 1969.
الموضوعات:
الوسوم: إضافة وسم
لا توجد وسوم, كن أول من يضع وسما على هذه التسجيلة!

MARC

LEADER 00000nam a22000007a 4500
003 KE-NaDUL
005 20230329103108.0
008 230329b |||||||| |||| 00| 0 eng d
040 |a DUL  |c DUL  |d Pmahero 
050 |a DT4.D38 1969 
100 |a Davidson, Basil  |9 123038 
245 |a The African genius:  |b an introduction to African cultural and social history/  |c by Basil Davidson 
260 |a Boston-Toronto:  |b Little, Brown and Company,  |c 1969. 
300 |a 367 p.  |b ill. 
650 |a Civilization  |9 123039 
650 |a Social conditions  |9 123040 
942 |2 lcc  |c REF  |h DT4  |i .D38   |m 1969  |6 DT0004 D38 
952 |0 0  |1 0  |2 lcc  |4 0  |6 DT0004 D38 01969  |7 1  |8 REF  |9 135136  |a CUI  |b CUI  |c CUI  |d 2023-03-29  |l 0  |o DT4.D38 1969  |p CUI04170  |r 2023-03-29 00:00:00  |w 2023-03-29  |x 04170  |y REF 
999 |c 219554  |d 219553